000 00603pab a2200205 454500
008 180718b2010 xxu||||| |||| 00| 0 eng d
100 _aLucas, Adrienne
245 _aMalaria eradication and educational attainment: evidence from Paraguay and Sri Lanka
260 _c2010
300 _ap.46-71.
362 _aApr
650 _aEducational attendance - Sri Lanka
650 _aEducational attendance - Paraguay
650 _aMalaria - Sri Lanka
650 _aMalaria - Paraguay
650 _aMalaria
773 _aAmerican Economic Journal: Applied Economics
908 _aN
909 _a86509
999 _c86509
_d86509